书目信息 |
| 题名: |
微积分
|
|
| 作者: | 吴红星 , 李永明 主编 | |
| 分册: | 下 | |
| 出版信息: | 上海 复旦大学出版社 2019.09 |
|
| 页数: | 2册 (262, 197页) | |
| 开本: | 23cm | |
| 丛书名: | 弘教系列教材 | |
| 单 册: | ||
| 中图分类: | O172 | |
| 科图分类: | ||
| 主题词: | 微积分--wei ji fen--高等学校--教材 | |
| 电子资源: | ||
| ISBN: | 978-7-309-14465-9 | |
| 000 | 01161nam 2200265 450 | |
| 001 | 2045490542 | |
| 005 | 20201105123818.26 | |
| 010 | @a978-7-309-14465-9@dCNY37.50 | |
| 100 | @a20190920d2019 em y0chiy50 ea | |
| 101 | 0 | @achi |
| 102 | @aCN@b310000 | |
| 105 | @aa a 000yy | |
| 200 | 1 | @a微积分@Awei ji fen@h下@f主编吴红星, 李永明@g编写人员吴红星 ... [等] |
| 210 | @a上海@c复旦大学出版社@d2019.09 | |
| 215 | @a2册 (262, 197页)@c图@d23cm | |
| 225 | 2 | @a弘教系列教材@Ahong jiao xi lie jiao cai |
| 320 | @a有书目 | |
| 330 | @a本书保证了微积分知识的严密性、科学性与系统性, 注重数学概念产生的实际背景与几何直观的引入, 强调微分学与积分学的基本思想、方法及其应用, 紧密联系实际生活, 更好地服务于地方本科院校的专业课程。全书共10章, 分上下两册。上册的内容包括函数、极限与连续、导数与微分、微分中值定理与导数的应用、不定积分、定积分及其应用, 下册内容包括多元函数的微分学、二重积分、无穷积分、常微分方程。 | |
| 410 | 0 | @12001 @a弘教系列教材 |
| 606 | 0 | @a微积分@Awei ji fen@x高等学校@j教材 |
| 690 | @aO172@v5 | |
| 701 | 0 | @a吴红星@Awu hong xing@4主编 |
| 701 | 0 | @a李永明@Ali yong ming@4主编 |
| 801 | 0 | @aCN@b人天书店@c20200927 |
| 905 | @aZUCC@dO172@eW797 | |
| 微积分.下/主编吴红星, 李永明/编写人员吴红星 ... [等].-上海:复旦大学出版社,2019.09 |
| 2册 (262, 197页):图;23cm.-(弘教系列教材) |
| ISBN 978-7-309-14465-9:CNY37.50 |
| 本书保证了微积分知识的严密性、科学性与系统性, 注重数学概念产生的实际背景与几何直观的引入, 强调微分学与积分学的基本思想、方法及其应用, 紧密联系实际生活, 更好地服务于地方本科院校的专业课程。全书共10章, 分上下两册。上册的内容包括函数、极限与连续、导数与微分、微分中值定理与导数的应用、不定积分、定积分及其应用, 下册内容包括多元函数的微分学、二重积分、无穷积分、常微分方程。 |
| ● |
| 相关链接 |
|
|
|
正题名:微积分
索取号:O172/W797
 
预约/预借
| 序号 | 登录号 | 条形码 | 馆藏地/架位号 | 状态 | 备注 |
| 1 | 1478791 | 214787916 | 自科库401/401自科库 74排2列5层/ [索取号:O172/W797] | 在馆 | |
| 2 | 1478792 | 214787925 | 自科库401/401自科库 74排2列5层/ [索取号:O172/W797] | 在馆 |